|
|
|
|
| LEADER |
02190cam a2200613 a 4500 |
| 001 |
nkc20142583801 |
| 003 |
CZ PrNK |
| 005 |
20150107101803.0 |
| 007 |
ta |
| 008 |
141016s2014 xr a b 000 0 cze d |
| 015 |
|
|
|a cnb002583801
|
| 020 |
|
|
|a 978-80-242-4497-6
|q (brož.)
|
| 035 |
|
|
|a (OCoLC)900134740
|
| 040 |
|
|
|a KLG001
|b cze
|d ABA001
|
| 041 |
1 |
|
|a cze
|h eng
|h cat
|
| 072 |
|
7 |
|a 74
|x Kresba. Umělecká řemesla
|2 Konspekt
|9 21
|
| 072 |
|
7 |
|a 0/9-053.2
|x Literatura pro děti a mládež (naučná)
|2 Konspekt
|9 26
|
| 080 |
|
|
|a 745.54
|2 MRF
|
| 080 |
|
|
|a 688.723
|2 MRF
|
| 080 |
|
|
|a 688.72
|2 MRF
|
| 080 |
|
|
|a 592/599
|2 MRF
|
| 080 |
|
|
|a 636.1/.9
|2 MRF
|
| 080 |
|
|
|a (035)
|2 MRF
|
| 080 |
|
|
|a (0.053.2)
|2 MRF
|
| 100 |
1 |
|
|a Curto, Rosa María,
|d 1951-
|7 xx0078790
|4 aut
|4 ill
|
| 245 |
1 |
0 |
|a Nauč se tvořit prstové maňásky a zvířátka na statku /
|c [Rosa M. Curto ; z anglických vydání ... přeložila Jana Sýkorová]
|
| 246 |
1 |
8 |
|a Nauč se tvořit 2
|
| 250 |
|
|
|a Vyd. 1.
|
| 260 |
|
|
|a Praha :
|b Knižní klub,
|c 2014
|
| 300 |
|
|
|a 71 s. :
|b barev. il. ;
|c 27 cm
|
| 500 |
|
|
|a Přeloženo z anglických vyd. katalánského originálu
|
| 500 |
|
|
|a Název z obálky
|
| 650 |
0 |
7 |
|a výtvarné práce z papíru
|7 ph135229
|2 czenas
|
| 650 |
0 |
7 |
|a loutky
|7 ph122455
|2 czenas
|
| 650 |
0 |
7 |
|a figurky
|7 ph129162
|2 czenas
|
| 650 |
0 |
7 |
|a zvířata
|7 ph116793
|2 czenas
|
| 650 |
0 |
9 |
|a paper work
|2 eczenas
|
| 650 |
0 |
9 |
|a puppets
|2 eczenas
|
| 650 |
0 |
9 |
|a small figures
|2 eczenas
|
| 650 |
0 |
9 |
|a animals
|2 eczenas
|
| 655 |
|
7 |
|a příručky
|7 fd133209
|2 czenas
|
| 655 |
|
7 |
|a publikace pro děti
|7 fd133156
|2 czenas
|
| 655 |
|
9 |
|a handbooks and manuals
|2 eczenas
|
| 655 |
|
9 |
|a children's literature
|2 eczenas
|
| 765 |
0 |
8 |
|i Název anglického vyd.:
|t It's easy! Finger puppets a it's easy!
|9 Česky
|
| 765 |
0 |
8 |
|i Název anglického vyd.:
|t Farm animals
|9 Česky
|
| 765 |
0 |
|
|t Titelles de dit
|9 Česky
|
| 765 |
0 |
|
|t Animals de la granja
|9 Česky
|
| 910 |
2 |
|
|a BOA001
|b 3-1337.941
|
| 928 |
9 |
|
|a Euromedia Group - Knižní klub
|
| 990 |
|
|
|a BK
|
| 995 |
|
|
|a 01
|
| 991 |
|
|
|b 201412
|c NOV
|e dn
|
| 996 |
6 |
|
|b 2610614962
|c 3-1337.941
|l MZK
|r Sklad / do 1 hodiny
|n 0
|p p.v.
|w 001478358
|u 000010
|a 1
|e BOA001
|j MZK50
|s P
|